AJ100 (Record no. 82365)
[ view plain ]
| 000 -LEADER | |
|---|---|
| fixed length control field | 00991cab a22002295a 4500 |
| 001 - CONTROL NUMBER | |
| control field | L150042 |
| 008 - FIXED-LENGTH DATA ELEMENTS--GENERAL INFORMATION | |
| fixed length control field | 100525e20100515xxk f s 000 0 eng d |
| 035 ## - SYSTEM CONTROL NUMBER | |
| System control number | (Sirsi) u150042 |
| 041 0# - LANGUAGE CODE | |
| Language code of text/sound track or separate title | eng |
| 110 2# - MAIN ENTRY--CORPORATE NAME | |
| Corporate name or jurisdiction name as entry element | Architects' Journal |
| 245 00 - TITLE STATEMENT | |
| Title | AJ100 |
| Remainder of title | Britain's biggest practices, ranked by number of qualified architects working in the UK between January and December 2009 |
| 260 ## - PUBLICATION, DISTRIBUTION, ETC. | |
| Date of publication, distribution, etc. | 2010 |
| 490 ## - SERIES STATEMENT | |
| Series statement | Architects' Journal |
| Volume/sequential designation | 18 (231) 20May 2010, 2497(49) |
| 520 ## - SUMMARY, ETC. | |
| Summary, etc. | Definitive list of Britain's 100 biggest architecture practices; tables; awards; interviews; analysis; recession beating tactics; location of overseas work by UK practices; average salaries; technology; UK regions; sustainability; architects' opinions |
| 590 ## - LOCAL NOTE (RLIN) | |
| Local note | KA |
| 651 #4 - SUBJECT ADDED ENTRY--GEOGRAPHIC NAME | |
| Geographic name | United Kingdom |
| Chronological subdivision | |
| 690 ## - LOCAL SUBJECT ADDED ENTRY--TOPICAL TERM (OCLC, RLIN) | |
| Topical term or geographic name as entry element | MANAGEMENT-BUSINESS MANAGEMENT-PROFESSIONAL PRACTICE |
| 690 ## - LOCAL SUBJECT ADDED ENTRY--TOPICAL TERM (OCLC, RLIN) | |
| Topical term or geographic name as entry element | BUILT ENVIRONMENT-CONSTRUCTION DESIGN-ARCHITECTURAL DESIGN |
| 700 1# - ADDED ENTRY--PERSONAL NAME | |
| Personal name | Tether, Bruce |
| 700 1# - ADDED ENTRY--PERSONAL NAME | |
| Personal name | Slavid, Ruth |
| 942 ## - ADDED ENTRY ELEMENTS (KOHA) | |
| Suppress in OPAC | 0 |
| Withdrawn status | Lost status | Source of classification or shelving scheme | Damaged status | Not for loan | Home library | Current library | Shelving location | Date acquired | Total Checkouts | Full call number | Barcode | Date last seen | Copy number | Price effective from | Koha item type |
|---|---|---|---|---|---|---|---|---|---|---|---|---|---|---|---|
| Dewey Decimal Classification | London | London | Books | 25/05/2010 | L150042 | 150042-1001 | 06/08/2019 | 1 | 06/08/2019 | Book |